00322 2200133 4500001002100000005001500021035002000036245004600056300000800102260004500110082000800155084001200163990001300175INLIS00000000000218420250527125532 a0010-0525000476 aKamus jerman indonesia /cAdolf heuken SJ a667 aJakarta :bGramedia pustaka utama,c1996 a430 a430 KAM a07.13307